Electronic noise and fluctuations in solids. (Record no. 7294)

MARC details
000 -LEADER
fixed length control field 00977cam a2200265 a 4500
001 - CONTROL NUMBER
control field 1144810
003 - CONTROL NUMBER IDENTIFIER
control field OSt
005 - DATE AND TIME OF LATEST TRANSACTION
control field 20210929121024.0
008 - FIXED-LENGTH DATA ELEMENTS--GENERAL INFORMATION
fixed length control field 950818s1996 enka b 001 0 eng
010 ## - LIBRARY OF CONGRESS CONTROL NUMBER
LC control number 95038725
020 ## - INTERNATIONAL STANDARD BOOK NUMBER
International Standard Book Number 0521460344 (hc)
040 ## - CATALOGING SOURCE
Original cataloging agency DLC
Transcribing agency DDC
Modifying agency DLC
050 00 - LIBRARY OF CONGRESS CALL NUMBER
Classification number QC176.8.E4
Item number K864 1996
082 00 - DEWEY DECIMAL CLASSIFICATION NUMBER
Classification number 621.38224KOG 1996
100 1# - MAIN ENTRY--PERSONAL NAME
Personal name Kogan,Sh.;
9 (RLIN) 14964
245 10 - TITLE STATEMENT
Title Electronic noise and fluctuations in solids.
Statement of responsibility, etc. Edited by Kogan Sh.;
260 ## - PUBLICATION, DISTRIBUTION, ETC. (IMPRINT)
Place of publication, distribution, etc. USA
Name of publisher, distributor, etc. Cambridge University Press,
Date of publication, distribution, etc. 1996.
300 ## - PHYSICAL DESCRIPTION
Extent xviii,354p;
Other physical details ill.
Dimensions 26 cm.
504 ## - BIBLIOGRAPHY, ETC. NOTE
Bibliography, etc Includes; bibliographical references (p. 326-351) and index.
650 #0 - SUBJECT ADDED ENTRY--TOPICAL TERM
Topical term or geographic name as entry element Physics
9 (RLIN) 809
856 42 - ELECTRONIC LOCATION AND ACCESS
Materials specified Publisher description
Uniform Resource Identifier <a href="http://www.loc.gov/catdir/description/cam027/95038725.html">http://www.loc.gov/catdir/description/cam027/95038725.html</a>
906 ## - LOCAL DATA ELEMENT F, LDF (RLIN)
a 7
b cbc
c orignew
d 1
e ocip
f 19
g y-gencatlg
942 ## - ADDED ENTRY ELEMENTS (KOHA)
Source of classification or shelving scheme Dewey Decimal Classification
Koha item type Open Shelf

No items available.